=LDR 00000nam 2200000 4500 =001 INLIS000000000056523 =005 20200908011527 =035 ##$$a 0010-0920000154 =007 ta =008 200908###########################0###### =082 ##$$a 920.008 959 865 =084 ##$$a 920.008 959 865 Ari n =245 ##$$a NTB local heroes : $b Para pejuang kampung /$c Ari Garmono =300 ##$$a iv, 144 halaman : $b ilustrasi ; $c 21 cm =700 #$$a Editor, Farid Tolomundu =600 #4$$a Biografi - kumpulan - NTB =264 ##$$a Mataram :$b Komunitas Baca Tulis Titik Koma,$c 2018 =336 ##$$a Text$2 rdacontent =337 ##$$a Buku$2 rdamedia =338 ##$$a Lain-lain$2 rdacarrier =990 ##$$a 69/4/2020